Define That Word/Word Stem! - Statistics

General Stats
  • This quiz has been taken 66 times
  • The average score is 8 of 15
Answer Stats
Hint Answer % Correct
bi two
96%
pre before
79%
semi half
75%
inter between
71%
un not
67%
sym together
63%
dis away
50%
profound deep
42%
countenance facial expression
42%
sub under
42%
prodigious huge
38%
super over
38%
manifest obvious
33%
de down
21%
languor weakness
21%
No matching quizzes found
Score Distribution
Percent of People with Each Score
Percentile by Number Answered
Your Score History
You have not taken this quiz